[Event "ROM-ch U10 Girls"]
[Site "Calimanesti"]
[Date "2018.04.03"]
[Round "9"]
[White "Militaru, Andreea Elena"]
[Black "Nicula, Andreea Elena"]
[Result "1-0"]
[WhiteElo "1069"]
[BlackElo "1011"]
[PlyCount "135"]
[EventDate "2018.03.27"]
[EventType "swiss"]
[EventRounds "9"]
[EventCountry "ROU"]
[SourceTitle "CBM 183 Extra"]
[Source "ChessBase"]
[SourceDate "2018.04.19"]
[SourceVersion "1"]
[SourceVersionDate "2018.04.19"]
[SourceQuality "1"]

1. e4 e5 2. Nf3 Nc6 3. Bc4 Bc5 4. 0-0 Nf6 5. d3 0-0 6. Bg5 h6 7. Bh4 d6 8. h3 Re8 9. c3 Be6 10. Bb5 a6 11. Bxc6 bxc6 12. Re1 Rb8 13. b3 Qe7 14. d4 exd4 15. cxd4 Bb4 16. Re3 Rbd8 17. Nbd2 g5 18. Bg3 g4 19. hxg4 Bxg4 20. Bh4 Qe6 21. Qc2 Rd7 22. Qxc6 a5 23. Bxf6 Qxf6 24. a3 Bxd2 25. Nxd2 Qxd4 26. Ra2 Qc5 27. Qxc5 dxc5 28. Rg3 f5 29. f3 Rg7 30. fxg4 fxg4 31. Rc2 Rd8 32. Nf1 Rg5 33. Rgc3 Re8 34. Ng3 Ree5 35. Rc4 h5 36. Kf2 h4 37. Nf1 h3 38. Kg3 Rh5 39. Nh2 Reg5 40. e5 Kf7 41. Rxg4 Rxe5 42. gxh3 Re3+ 43. Kg2 Rhxh3 44. Rxc5 Rxb3 45. Rxa5 Ke6 46. Rc5 Kd7 47. Rgc4 Rhg3+ 48. Kf2 Rxa3 49. Rxc7+ Kd6 50. Rf7 Ke6 51. Rf3 Rgxf3+ 52. Nxf3 Ra2+ 53. Ke3 Ra3+ 54. Ke4 Kd6 55. Ng5 Rg3 56. Nf7+ Ke6 57. Ne5 Rh3 58. Rc6+ Ke7 59. Kd5 Rh5 60. Re6+ Kf8 61. Kd6 Rh7 62. Nd7+ Kg8 63. Nf6+ Kh8 64. Nxh7 Kxh7 65. Ke7 Kg8 66. Kf6 Kh7 67. Kf7 Kh8 68. Rh6# 1-0

[Event "ROM-ch U10 Girls"]
[Site "Calimanesti"]
[Date "2018.03.30"]
[Round "5"]
[White "Stefaniu, Irina Maria"]
[Black "Nicula, Andreea Elena"]
[Result "0-1"]
[WhiteElo "1001"]
[BlackElo "1011"]
[PlyCount "54"]
[EventDate "2018.03.27"]
[EventType "swiss"]
[EventRounds "9"]
[EventCountry "ROU"]
[SourceTitle "CBM 183 Extra"]
[Source "ChessBase"]
[SourceDate "2018.04.19"]
[SourceVersion "1"]
[SourceVersionDate "2018.04.19"]
[SourceQuality "1"]

1. e4 e5 2. f4 Nc6 3. Nf3 d6 4. Bc4 h6 5. d3 Nf6 6. Nc3 Be7 7. 0-0 0-0 8. fxe5 dxe5 9. Be3 Ng4 10. Qe2 b6 11. h3 Nxe3 12. Qxe3 Bc5 13. d4 exd4 14. Qe2 d3+ 15. Kh1 dxe2 16. Bxe2 Qf6 17. Nd2 Qg5 18. Nc4 Qg3 19. Rf3 Qg6 20. Nd5 Qxe4 21. Nc3 Qg6 22. Bd3 Qg5 23. Be4 Bb7 24. Raf1 g6 25. Nb5 Rae8 26. Nc3 b5 27. Na3 b4 0-1

[Event "ROM-ch U10 Girls"]
[Site "Calimanesti"]
[Date "2018.03.27"]
[Round "1"]
[White "Stoian, Sofia Maria"]
[Black "Nicula, Andreea Elena"]
[Result "0-1"]
[WhiteElo "1001"]
[BlackElo "1011"]
[PlyCount "32"]
[EventDate "2018.03.27"]
[EventType "swiss"]
[EventRounds "9"]
[EventCountry "ROU"]
[SourceTitle "CBM 183 Extra"]
[Source "ChessBase"]
[SourceDate "2018.04.19"]
[SourceVersion "1"]
[SourceVersionDate "2018.04.19"]
[SourceQuality "1"]

1. e4 e5 2. Nf3 Nc6 3. Bc4 Bc5 4. 0-0 Nf6 5. Nc3 0-0 6. d3 d6 7. Bg5 h6 8. Bh4 Bg4 9. Qe1 Bxf3 10. gxf3 Nd4 11. Rb1 Nxf3+ 12. Kh1 Nxe1 13. Rfxe1 Qd7 14. Bb5 Qh3 15. Rf1 Ng4 16. Ra1 Qxh2# 0-1

[Event "ROM-ch U08 Girls"]
[Site "Calimanesti Caciulata"]
[Date "2016.04.21"]
[Round "4"]
[White "Stefan, Iulia Cristiana"]
[Black "Nicula, Andreea Elena"]
[Result "0-1"]
[WhiteElo "1001"]
[BlackElo "1001"]
[PlyCount "32"]
[EventDate "2016.04.18"]
[EventType "swiss"]
[EventRounds "9"]
[EventCountry "ROU"]
[SourceTitle "CBM 172 Extra"]
[Source "ChessBase"]
[SourceDate "2016.06.21"]
[SourceVersion "1"]
[SourceVersionDate "2016.06.21"]
[SourceQuality "1"]

1. e4 e5 2. Nf3 Nc6 3. Bc4 Bc5 4. 0-0 Nf6 5. d4 exd4 6. e5 Ng8 7. Ng5 Nh6 8. Qf3 0-0 9. Bd3 f6 10. exf6 Rxf6 11. Re1 Rxf3 12. Nxf3 Qf8 13. Bg5 d6 14. Re2 Bf5 15. Bc4+ Nf7 16. Nh4 Bxc2 0-1